000 02415cam a2200601 4500
008 030414n2003 000 0 eng u
020 _a1842191462
035 _a(Sirsi) u121969
041 _aeng
050 _a333.33
_c18
110 _aRoyal Institution of Chartered Surveyors
_94900
245 _aIsurv commercial property
_h[multimedia]
260 _aLondon
_bRICS
_c2003-
490 _aRICS Isurv.co.uk Series
505 _aDilapidations
505 _aDisability discrimination
505 _aHealth and safety
505 _aInsolvency
505 _aLease renewal
505 _aLeases
505 _aRent review
505 _aService charges
505 _aHot topics: ODPM consultation on upward only rent reviews; October 2004 - are you ready?; commonhold - the basics
520 _aA online resource covering all aspects of managing commercial property leases. A summary is provided for each topic before the legislative framework, key cases and legal issues, standards and regulatory framework, practical matters, forms and precedents and key issues are discussed in greater detail. Includes the text of relevant publications and links to other online resources.
520 _aSubscribers to the "Isurv commercial property" can access it at www.isurvlive.co.uk using the username and password issued to you. Other RICS members may use it via the public access terminals in the RICS Library - please ask Library Staff for details
650 _aBUSINESS TENANCIES
650 _aBUSINESS LEASES
650 _aLEASE RENEWAL
650 _aCOMMERCIAL LEASES
650 _aRENT REVIEWS
650 _aSERVICE CHARGES
650 _aDilapidations
_96235
650 _aDISABILITY DISCRIMINATION
650 _aHEALTH AND SAFETY
_96244
650 _aInsolvency
_96247
690 _aPROPERTY MANAGEMENT-COMMERCIAL PROPERTY
700 _aAlexander, Fiona
700 _aClark, Paul
700 _aCridge, Julian
700 _aDollar, Peta
700 _aFenn, Katherine
700 _aForrester, Peter
700 _aFreedman, Philip
700 _aGershinson, Jon
700 _aHolmes, Christopher
700 _aHunter, Jason
700 _aLewis, Paul
700 _aLloyd, Deborah
700 _aNorman, Tim
700 _aWoodman, John
856 _uhttps://www.isurv.com
_zAccess "Isurv commercial property" using your user name and password...
942 _n0
999 _c102768
_d102768